Malnutrition and food habits; (Record no. 12567)
[ view plain ]
| 000 -LEADER | |
|---|---|
| fixed length control field | 01225cam a2200301 4500 |
| 001 - CONTROL NUMBER | |
| control field | 12567 |
| 003 - CONTROL NUMBER IDENTIFIER | |
| rucl marc code | BD-RjUL |
| 005 - DATE AND TIME OF LATEST TRANSACTION | |
| control field | 20211208235322.0 |
| 008 - FIXED-LENGTH DATA ELEMENTS--GENERAL INFORMATION | |
| fixed length control field | 140129s1962 enk b 101 0 eng |
| 035 ## - SYSTEM CONTROL NUMBER | |
| System control number | (BD-RjUL)12616 |
| 040 ## - CATALOGING SOURCE | |
| Original cataloging agency | DLC |
| Transcribing agency | DLC |
| Modifying agency | DLC |
| -- | BD-RjUL |
| Language of cataloging | eng |
| 041 ## - LANGUAGE CODE | |
| Language code of text/sound track or separate title | eng |
| 082 00 - DEWEY DECIMAL CLASSIFICATION NUMBER | |
| Classification number | 616.39 |
| Author mark and year | MAL |
| 100 1# - MAIN ENTRY--PERSONAL NAME | |
| Personal name | Burgess, Anne, |
| 9 (RLIN) | 39148 |
| 245 10 - TITLE STATEMENT | |
| Title | Malnutrition and food habits; |
| Remainder of title | report of an international and interprofessional conference. |
| Statement of responsibility, etc. | Edited by Anne Burgess and R. F. A. Dean. |
| 260 ## - PUBLICATION, DISTRIBUTION, ETC. (IMPRINT) | |
| Place of publication, distribution, etc. | London : |
| Name of publisher, distributor, etc. | Tavistock Publications , |
| Date of publication, distribution, etc. | c1962. |
| 300 ## - PHYSICAL DESCRIPTION | |
| Pagination | xix, 210 p. ; |
| Size | 23 cm. |
| 500 ## - GENERAL NOTE | |
| General note | "The conference was sponsored by the Josiah Macy, Jr. Foundation, New York ... It was organized by the World Federation for Mental Health, London, and held during 1960, World Mental Health Year, in Cuernavaca, Mexico." |
| 504 ## - BIBLIOGRAPHY, ETC. NOTE | |
| Bibliography, etc | "Background papers": p. 203-204. |
| 650 #0 - SUBJECT ADDED ENTRY--TOPICAL TERM | |
| Topical term or geographic name as entry element | Malnutrition |
| General subdivision | Congresses. |
| 9 (RLIN) | 39149 |
| Topical term or geographic name as entry element | Food habits |
| General subdivision | Congresses. |
| 9 (RLIN) | 39150 |
| 700 1# - ADDED ENTRY--PERSONAL NAME | |
| Personal name | Dean, R. F. A. |
| Fuller form of name | (Reginald Francis Alfred) |
| 710 2# - ADDED ENTRY--CORPORATE NAME | |
| Corporate name or jurisdiction name as entry element | World Federation for Mental Health. |
| 9 (RLIN) | 39152 |
| Corporate name or jurisdiction name as entry element | Josiah Macy, Jr. Foundation. |
| 9 (RLIN) | 37249 |
| 942 ## - ADDED ENTRY ELEMENTS (KOHA) | |
| Source of classification or shelving scheme | Dewey Decimal Classification |
| Koha item type | Books |
| Lost status | Source of classification or shelving scheme | Damaged status | Not for loan | Collection code | Permanent Location | Current Location | Shelving location | Date acquired | Source of acquisition | Cost, normal purchase price | Total Checkouts | Full call number | Date last seen | Copy number | Koha item type |
|---|---|---|---|---|---|---|---|---|---|---|---|---|---|---|---|
| Dewey Decimal Classification | Not For Loan | Non-fiction | Central Library, University of Rajshahi | Central Library, University of Rajshahi | Reading Room | 06/01/1966 | euro- pak | 17.40 | 616.39 MAL 1962 | 29/01/2014 | C-1 | Books |